Countries that Smoke the Most - Statistics

General Stats
  • This quiz has been taken 51 times
  • The average score is 7 of 15
Answer Stats
Hint Answer % Correct
2,295 Russia
92%
2,043 China
78%
2,911 Belarus
61%
2,491 Albania
57%
2,078 Greece
55%
2,784 North Macedonia
53%
2,427 Czech Republic
45%
2,060 Hungary
41%
2,236 Slovenia
37%
2,037 Lebanon
29%
2,291 Syria
29%
2,440 Belgium
27%
2,306 Jordan
27%
6,330 Luxembourg
20%
6,398 Andorra
18%
No matching quizzes found
Score Distribution
Percent of People with Each Score
Percentile by Number Answered
Your Score History
You have not taken this quiz